Educational Management and Administration: (Record no. 179024)

MARC details
000 -LEADER
fixed length control field 00587nam a22001817a 4500
005 - DATE AND TIME OF LATEST TRANSACTION
control field 20210512153700.0
010 ## - LCCN (DPL NO)
LC control number ENG-129503
020 ## - INTERNATIONAL STANDARD BOOK NUMBER
Terms of availability 200.00
International Standard Book Number 978-93-89965-21-6
035 ## - SYSTEM CONTROL NUMBER
System control number EN-113035
037 ## - SOURCE OF ACQUISITION
Source of stock number/acquisition DBAD/PUB
082 ## - DEWEY DECIMAL CLASSIFICATION NUMBER
Classification number 371.200941
100 ## - MAIN ENTRY--PERSONAL NAME
Personal name Vengatesan, K.
245 ## - TITLE STATEMENT
Title Educational Management and Administration:
Remainder of title /
Statement of responsibility, etc K. Vengatesan
260 ## - PUBLICATION, DISTRIBUTION, ETC. (IMPRINT)
Name of publisher, distributor, etc Gurushishya Yogam
Place of publication, distribution, etc Chennai
Date of publication, distribution, etc 2020
270 ## - ADDRESS
Address Chennai
City Chennai
Postal code 600044
Electronic mail address gurushishyayogam@gmail.com
Telephone number 9941426051
300 ## - PHYSICAL DESCRIPTION
Extent 255p.
Dimensions 22cm(pbk)
Other physical details Including Reference
942 ## - ADDED ENTRY ELEMENTS (KOHA)
Source of classification or shelving scheme Dewey Decimal Classification
Item type English Books
Classification part 371.200941
Call number suffix VEN
Holdings
Withdrawn status Lost status Not for loan Collection code Home library Current library Date acquired Source of acquisition Cost, normal purchase price Full call number Barcode Copy number Cost, replacement price Koha item type
      Non-fiction Central Library Central Library 12/05/2021 DBAD/PUB 200.00 371.200941 VEN EN-113035 1 200.00 English Books

© Delhi Public Library
Hit Counter
free hit counter